Biaxial flexural strength of zirconia: a round robin test with 12 laboratories

Saved in:
Bibliographic Details
Main Authors: Spintzyk, Sebastian (Author) , Geis-Gerstorfer, Jürgen (Author) , Bourauel, Christoph (Author) , Keilig, Ludger (Author) , Lohbauer, Ulrich (Author) , Brune, Annike (Author) , Greuling, Andreas (Author) , Arnold, Christin (Author) , Rues, Stefan (Author) , Adjiski, Ranko (Author) , Sawada, Tomofumi (Author) , Lümkemann, Nina (Author) , Stawarczyk, Bogna (Author) , Ilie, Nicoleta (Author) , Frankenberger, Roland (Author) , Dudek, Marie-Christine (Author) , Strickstrock, Monika (Author) , Begand, Sabine (Author)
Format: Article (Journal)
Language:English
Published: 2021
In: Dental materials
Year: 2021, Volume: 37, Issue: 2, Pages: 284-295
ISSN:1879-0097
DOI:10.1016/j.dental.2020.11.016
Online Access:Resolving-System, lizenzpflichtig: https://doi.org/10.1016/j.dental.2020.11.016
Get full text
Author Notes:Sebastian Spintzyk, Jürgen Geis-Gerstorfer, Christoph Bourauel, Ludger Keilig, Ulrich Lohbauer, Annike Brune, Andreas Greuling, Christin Arnold, Stefan Rues, Ranko Adjiski, Tomofumi Sawada, Nina Lümkemann, Bogna Stawarczyk, Nicoleta Ilie, Roland Frankenberger, Marie-Christine Dudek, Monika Strickstrock, Sabine Begand

MARC

LEADER 00000caa a2200000 c 4500
001 1751691233
003 DE-627
005 20230821124342.0
007 cr uuu---uuuuu
008 210318s2021 xx |||||o 00| ||eng c
024 7 |a 10.1016/j.dental.2020.11.016  |2 doi 
035 |a (DE-627)1751691233 
035 |a (DE-599)KXP1751691233 
035 |a (OCoLC)1341399112 
040 |a DE-627  |b ger  |c DE-627  |e rda 
041 |a eng 
084 |a 33  |2 sdnb 
100 1 |a Spintzyk, Sebastian  |e VerfasserIn  |0 (DE-588)1238703828  |0 (DE-627)176610892X  |4 aut 
245 1 0 |a Biaxial flexural strength of zirconia  |b a round robin test with 12 laboratories  |c Sebastian Spintzyk, Jürgen Geis-Gerstorfer, Christoph Bourauel, Ludger Keilig, Ulrich Lohbauer, Annike Brune, Andreas Greuling, Christin Arnold, Stefan Rues, Ranko Adjiski, Tomofumi Sawada, Nina Lümkemann, Bogna Stawarczyk, Nicoleta Ilie, Roland Frankenberger, Marie-Christine Dudek, Monika Strickstrock, Sabine Begand 
264 1 |c 2021 
300 |b Illustrationen 
300 |a 12 
336 |a Text  |b txt  |2 rdacontent 
337 |a Computermedien  |b c  |2 rdamedia 
338 |a Online-Ressource  |b cr  |2 rdacarrier 
500 |a Available online 22 December 2020 
540 |q DE-3  |a Urheberrechtsschutz 1.0  |2 rs  |u http://rightsstatements.org/vocab/InC/1.0/ 
700 1 |a Geis-Gerstorfer, Jürgen  |e VerfasserIn  |0 (DE-588)1145724442  |0 (DE-627)1005705712  |0 (DE-576)168428466  |4 aut 
700 1 |a Bourauel, Christoph  |e VerfasserIn  |0 (DE-588)1221416189  |0 (DE-627)173869030X  |4 aut 
700 1 |a Keilig, Ludger  |d 1972-  |e VerfasserIn  |0 (DE-588)13396471X  |0 (DE-627)558838731  |0 (DE-576)300221312  |4 aut 
700 1 |a Lohbauer, Ulrich  |e VerfasserIn  |0 (DE-588)1150885238  |0 (DE-627)1011146584  |0 (DE-576)497317192  |4 aut 
700 1 |a Brune, Annike  |d 1984-  |e VerfasserIn  |0 (DE-588)1181477697  |0 (DE-627)1662383274  |4 aut 
700 1 |a Greuling, Andreas  |e VerfasserIn  |0 (DE-588)143371290  |0 (DE-627)645135895  |0 (DE-576)336701195  |4 aut 
700 1 |a Arnold, Christin  |d 1977-  |e VerfasserIn  |0 (DE-588)1210948680  |0 (DE-627)1698817266  |4 aut 
700 1 |a Rues, Stefan  |e VerfasserIn  |0 (DE-588)1054444927  |0 (DE-627)792098331  |0 (DE-576)410292168  |4 aut 
700 1 |a Adjiski, Ranko  |e VerfasserIn  |4 aut 
700 1 |a Sawada, Tomofumi  |d 1979-  |e VerfasserIn  |0 (DE-588)111603185X  |0 (DE-627)870127632  |0 (DE-576)478123787  |4 aut 
700 1 |a Lümkemann, Nina  |d 1991-  |e VerfasserIn  |0 (DE-588)1196848521  |0 (DE-627)1678714437  |4 aut 
700 1 |a Stawarczyk, Bogna  |d 1977-  |e VerfasserIn  |0 (DE-588)1044666064  |0 (DE-627)772398720  |0 (DE-576)39802216X  |4 aut 
700 1 |a Ilie, Nicoleta  |d 1971-  |e VerfasserIn  |0 (DE-588)12900331X  |0 (DE-627)387600485  |0 (DE-576)297441442  |4 aut 
700 1 |a Frankenberger, Roland  |d 1967-  |e VerfasserIn  |0 (DE-588)113596189  |0 (DE-627)582062519  |0 (DE-576)172364140  |4 aut 
700 1 |a Dudek, Marie-Christine  |e VerfasserIn  |0 (DE-588)1148984763  |0 (DE-627)1009243950  |0 (DE-576)496498150  |4 aut 
700 1 |a Strickstrock, Monika  |d 1984-  |e VerfasserIn  |0 (DE-588)1244175420  |0 (DE-627)1775129551  |4 aut 
700 1 |a Begand, Sabine  |e VerfasserIn  |4 aut 
773 0 8 |i Enthalten in  |t Dental materials  |d Amsterdam : Elsevier, 1985  |g 37(2021), 2, Seite 284-295  |h Online-Ressource  |w (DE-627)320507300  |w (DE-600)2012987-7  |w (DE-576)094752583  |x 1879-0097  |7 nnas  |a Biaxial flexural strength of zirconia a round robin test with 12 laboratories 
773 1 8 |g volume:37  |g year:2021  |g number:2  |g pages:284-295  |g extent:12  |a Biaxial flexural strength of zirconia a round robin test with 12 laboratories 
856 4 0 |u https://doi.org/10.1016/j.dental.2020.11.016  |x Resolving-System  |z lizenzpflichtig 
951 |a AR 
992 |a 20210412 
993 |a Article 
994 |a 2021 
998 |g 1054444927  |a Rues, Stefan  |m 1054444927:Rues, Stefan  |d 910000  |d 910800  |e 910000PR1054444927  |e 910800PR1054444927  |k 0/910000/  |k 1/910000/910800/  |p 9 
999 |a KXP-PPN1751691233  |e 3906128911 
BIB |a Y 
SER |a journal 
JSO |a {"person":[{"given":"Sebastian","display":"Spintzyk, Sebastian","role":"aut","family":"Spintzyk"},{"given":"Jürgen","display":"Geis-Gerstorfer, Jürgen","role":"aut","family":"Geis-Gerstorfer"},{"family":"Bourauel","role":"aut","display":"Bourauel, Christoph","given":"Christoph"},{"family":"Keilig","display":"Keilig, Ludger","role":"aut","given":"Ludger"},{"family":"Lohbauer","given":"Ulrich","display":"Lohbauer, Ulrich","role":"aut"},{"role":"aut","display":"Brune, Annike","given":"Annike","family":"Brune"},{"given":"Andreas","display":"Greuling, Andreas","role":"aut","family":"Greuling"},{"given":"Christin","display":"Arnold, Christin","role":"aut","family":"Arnold"},{"role":"aut","display":"Rues, Stefan","given":"Stefan","family":"Rues"},{"given":"Ranko","display":"Adjiski, Ranko","role":"aut","family":"Adjiski"},{"family":"Sawada","display":"Sawada, Tomofumi","role":"aut","given":"Tomofumi"},{"family":"Lümkemann","given":"Nina","display":"Lümkemann, Nina","role":"aut"},{"family":"Stawarczyk","given":"Bogna","display":"Stawarczyk, Bogna","role":"aut"},{"given":"Nicoleta","display":"Ilie, Nicoleta","role":"aut","family":"Ilie"},{"family":"Frankenberger","given":"Roland","display":"Frankenberger, Roland","role":"aut"},{"role":"aut","display":"Dudek, Marie-Christine","given":"Marie-Christine","family":"Dudek"},{"role":"aut","display":"Strickstrock, Monika","given":"Monika","family":"Strickstrock"},{"family":"Begand","given":"Sabine","display":"Begand, Sabine","role":"aut"}],"type":{"media":"Online-Ressource","bibl":"article-journal"},"name":{"displayForm":["Sebastian Spintzyk, Jürgen Geis-Gerstorfer, Christoph Bourauel, Ludger Keilig, Ulrich Lohbauer, Annike Brune, Andreas Greuling, Christin Arnold, Stefan Rues, Ranko Adjiski, Tomofumi Sawada, Nina Lümkemann, Bogna Stawarczyk, Nicoleta Ilie, Roland Frankenberger, Marie-Christine Dudek, Monika Strickstrock, Sabine Begand"]},"title":[{"title":"Biaxial flexural strength of zirconia","title_sort":"Biaxial flexural strength of zirconia","subtitle":"a round robin test with 12 laboratories"}],"language":["eng"],"note":["Available online 22 December 2020"],"recId":"1751691233","relHost":[{"disp":"Biaxial flexural strength of zirconia a round robin test with 12 laboratoriesDental materials","title":[{"subtitle":"official publication of the Academy of Dental Materials","title_sort":"Dental materials","title":"Dental materials"}],"origin":[{"publisher":"Elsevier","dateIssuedDisp":"1985-","dateIssuedKey":"1985","publisherPlace":"Amsterdam"}],"recId":"320507300","type":{"media":"Online-Ressource","bibl":"periodical"},"pubHistory":["1.1985 -"],"note":["Gesehen am 04.02.20"],"language":["eng"],"part":{"year":"2021","pages":"284-295","volume":"37","extent":"12","issue":"2","text":"37(2021), 2, Seite 284-295"},"id":{"zdb":["2012987-7"],"issn":["1879-0097"],"eki":["320507300"]},"physDesc":[{"extent":"Online-Ressource"}]}],"physDesc":[{"extent":"12 S.","noteIll":"Illustrationen"}],"origin":[{"dateIssuedKey":"2021","dateIssuedDisp":"2021"}],"id":{"doi":["10.1016/j.dental.2020.11.016"],"eki":["1751691233"]}} 
SRT |a SPINTZYKSEBIAXIALFLE2021